00393pab a2200133 454500008004000000100002400040245006900064260000900133300001300142362001100155650004300166700001600209773003400225180718b1985 xxu||||| |||| 00| 0 eng d aRamasubban, Radhika aMortality toll of citiesbEmerging patterns of disease in Bombay c1985 a999-1005 a8 June aVital Statistics - India - Maharashtra aNigel Crook aEconomic and Political Weekly